| 000 | 01025nam a22002417a 4500 | ||
|---|---|---|---|
| 999 |
_c6985 _d6985 |
||
| 003 | AR-CdUCM | ||
| 008 | 190319b ||||| |||| 00| 0 spa d | ||
| 040 |
_aMUNICIPALIDAD PROVINCIAL DEL CUSCO _cBIBLIOTECA MUNICIPAL DEL CUSCO |
||
| 082 |
_a335.4095 / _bM23 |
||
| 100 |
_aMao, Tse-Tung _915457 |
||
| 245 | _aObras escogidas de Mao Tsetung / | ||
| 260 |
_aPekin : _bEdiciones en Lenguas Extranjeras, _c1971. |
||
| 300 |
_a4 tomos ; _bretratos ; _c15 cm. |
||
| 505 | _aContenido: t.1: Período de la primera guerra civil revolucionaria -- Período de la segunda guerra civil revolucionaria -- t.2. Período de la guerra de resistencia contra el Japón (I) -- t.3. Período de la guerra de resistencia contra el Japón (II) -- t.4. Período de la tercera guerra civil revolucionaria. | ||
| 650 |
_aMao, Tse Tung, 1893-1976 _919694 |
||
| 650 |
_aComunismo _9495 |
||
| 650 |
_aHistoria _9136 |
||
| 650 |
_aChina _9843 |
||
| 650 |
_aPolítica y gobierno _92693 |
||
| 650 |
_aSiglo XX _98 |
||
| 942 |
_2ddc _cLIBROS |
||
| 945 | _azta | ||